Govt. of
Madhya Pradesh

Buddha Nature Mind and The Problem Of Gradualism In a Comparative Perspective (Record no. 4179)

MARC details
000 -LEADER
fixed length control field 004280000a22001450004500
003 - CONTROL NUMBER IDENTIFIER
control field MACL
040 ## - CATALOGING SOURCE
Original cataloging agency MACL
090 ## - LOCALLY ASSIGNED LC-TYPE CALL NUMBER (OCLC); LOCAL CALL NUMBER (RLIN)
-- 4213
-- 4212
100 ## - MAIN ENTRY--PERSONAL NAME
Personal name Ruegg, David Seyfort
245 ## - TITLE STATEMENT
Title Buddha Nature Mind and The Problem Of Gradualism In a Comparative Perspective
Remainder of title On The Transmission and Reception Of Buddhism In India and Tibet
260 ## - PUBLICATION, DISTRIBUTION, ETC. (IMPRINT)
Name of publisher, distributor, etc. Heritage Publishers
Date of publication, distribution, etc. 1992
350 ## - PRICE (NR) (BK AM CF MU VM SE) [OBSOLETE]
Price 295
650 ## - SUBJECT ADDED ENTRY--TOPICAL TERM
Topical term or geographic name as entry element Religion
942 ## - ADDED ENTRY ELEMENTS (KOHA)
Koha item type Library Membar
Call number prefix 294
Holdings
Withdrawn status Lost status Source of classification or shelving scheme Damaged status Not for loan Home library Current library Date acquired Cost, normal purchase price Full call number Barcode Date last seen Uniform Resource Identifier Price effective from Koha item type
          MACL MACL 15/04/2015 295.00 294/RUE CRE005320 02/05/2024 4150 15/04/2015 Books